[Event "GM"]
[Site "Hockenheim/Willingen GER"]
[Date "2006.05.01"]
[Round "1"]
[White "Romanishin,O"]
[Black "Meinhardt,Ma"]
[Result "1/2-1/2"]
[WhiteElo "2552"]
[BlackElo "2378"]
[EventDate "2006.05.01"]

1. d4 d5 2. Nf3 e6 3. g3 c5 4. Bg2 Nc6 5. O-O Nf6 6. c4 Be7 7. dxc5 Bxc5 8.
a3 O-O 9. b4 Bb6 10. Bb2 Qe7 11. Nbd2 Rd8 12. Qc2 e5 13. cxd5 Nxd5 14. Rad1
f6 15. Nc4 Be6 16. e4 Nc7 17. Nxb6 axb6 18. Qe2 b5 19. Rxd8+ Rxd8 20. Rd1
Bc4 21. Rxd8+ Qxd8 22. Qd2 Qxd2 23. Nxd2 Bd3 24. f3 Ne8 25. Kf2 Nd6 26. Ke3
Bc4 27. f4 Kf8 28. Nf3 Nf7 29. h4 Ke7 30. Bc3 Kd6 31. Nd2 Be6 32. Bf1 Na7
33. Be2 Nh6 34. f5 Ba2 35. g4 Nf7 36. Nf3 Ke7 37. g5 Nd6 38. h5 h6 39. gxh6
gxh6 40. Nh2 Nc4+ 41. Bxc4 1/2-1/2

[Event "GM"]
[Site "Hockenheim/Willingen GER"]
[Date "2006.05.01"]
[Round "1"]
[White "Braun,A"]
[Black "Tomashevsky,E"]
[Result "0-1"]
[WhiteElo "2496"]
[BlackElo "2595"]
[EventDate "2006.05.01"]

1. d4 Nf6 2. c4 e6 3. Nc3 Bb4 4. e3 O-O 5. Nge2 d5 6. a3 Be7 7. Nf4 c6 8.
Bd3 Nbd7 9. cxd5 exd5 10. g4 Re8 11. Qf3 Nf8 12. Rg1 Bd6 13. g5 N6d7 14.
Nce2 Nb6 15. h4 Bxf4 16. Nxf4 Nc4 17. h5 Nd6 18. Bd2 a5 19. O-O-O Bf5 20.
Bxf5 Nxf5 21. Nd3 Nd6 22. Ne5 Re6 23. Rg2 Qe8 24. Rdg1 Ne4 25. g6 fxg6 26.
hxg6 hxg6 27. Rh2 Rxe5 28. dxe5 Nxd2 29. Kxd2 Qxe5 30. Rgh1 Qxb2+ 31. Kd1
Qb3+ 32. Kd2 Qa2+ 33. Ke1 Qb1+ 34. Kd2 Qf5 35. Qg3 Rd8 36. Qc7 Rd7 37. Qc8
Kf7 38. Rh8 Qxf2+ 39. Kd3 Ke7 40. Rg8 Qf5+ 41. Kd2 Qf2+ 42. Kd3 Ne6 43.
Re8+ Kf6 44. Rc1 Qf5+ 45. Kd2 Rf7 46. Re1 Qf2+ 47. Re2 Qf5 48. Re1 d4 49.
e4 Qf2+ 50. Kd1 Qf3+ 51. Kd2 Qc3+ 52. Kd1 Qb3+ 53. Kd2 Qa2+ 54. Kd1 Qa1+
55. Kd2 Qa2+ 56. Kd1 d3 57. Rxe6+ Qxe6 58. Rf1+ Ke5 59. Qb8+ Kd4 60. Qd8+
Kc4 61. Kd2 0-1

[Event "GM"]
[Site "Hockenheim/Willingen GER"]
[Date "2006.05.01"]
[Round "1"]
[White "Buhmann,R"]
[Black "Doettling,F"]
[Result "0-1"]
[WhiteElo "2552"]
[BlackElo "2550"]
[EventDate "2006.05.01"]

1. Nf3 d5 2. d4 Nf6 3. c4 e6 4. Nc3 Nbd7 5. Bg5 c6 6. cxd5 exd5 7. Qc2 Be7
8. e3 O-O 9. Bd3 Re8 10. h3 Nf8 11. O-O-O Be6 12. Kb1 Rc8 13. g4 a6 14.
Bxf6 Bxf6 15. Na4 Rc7 16. Rc1 g6 17. Rhg1 Nd7 18. h4 Bg7 19. Ng5 b5 20. Nc5
Nxc5 21. Qxc5 Bc8 22. Qb6 h6 23. Nf3 Re6 24. Qa5 Qe7 25. h5 g5 26. Bf5 Rf6
27. Ne5 Bxf5+ 28. gxf5 c5 29. Ng4 Rfc6 30. f6 Bxf6 31. Rxc5 Rxc5 32. dxc5
Rxc5 33. f3 Qe6 34. Qb4 Be7 35. Qd4 Rc4 36. Qd3 f5 37. Nxh6+ Qxh6 38. Qxd5+
Kg7 39. Qe5+ Bf6 40. Qxf5 Qh7 41. Qxh7+ Kxh7 42. Rd1 Rc6 43. f4 Kh6 44.
fxg5+ Bxg5 45. a4 Bxe3 46. axb5 axb5 47. Ka2 b4 48. Kb3 Rb6 49. Rd5 Bg5 50.
Rd4 Be7 51. Rd5 Re6 52. Rb5 Re2 53. Rd5 Kg7 54. Rf5 Rh2 55. Rd5 Kf6 56. Rb5
Ke6 57. Ra5 Bd6 58. Rb5 Kd7 59. Rf5 Kc6 60. Rg5 Bc5 61. Kc4 Rh4+ 62. Kd3
Kb5 63. b3 Rh2 0-1

[Event "GM"]
[Site "Hockenheim/Willingen GER"]
[Date "2006.05.01"]
[Round "1"]
[White "Spoelman,W"]
[Black "Ikonnikov,Vy"]
[Result "0-1"]
[WhiteElo "2442"]
[BlackElo "2593"]
[EventDate "2006.05.01"]

1. e4 c5 2. Nf3 Nc6 3. d4 cxd4 4. Nxd4 e5 5. Nb5 d6 6. c4 Be7 7. N1c3 a6 8.
Na3 Be6 9. Bd3 Bg5 10. Nc2 Bxc1 11. Rxc1 Nge7 12. O-O O-O 13. Qd2 Ng6 14.
g3 Qb6 15. Na4 Qa7 16. Kg2 Rad8 17. b3 Kh8 18. Rcd1 Nge7 19. Nc3 Qb8 20. h4
Qc8 21. Kh2 f5 22. exf5 Nxf5 23. Be4 Nfd4 24. Nxd4 Nxd4 25. f4 b5 26. cxb5
axb5 27. fxe5 dxe5 28. Rxf8+ Rxf8 29. Rc1 Qd7 30. Qe3 Qa7 31. Qg5 b4 32.
Na4 Ne2 33. Rd1 h6 34. Qxe5 Qe3 35. Qc5 Rf2+ 36. Kh1 Nxg3+ 0-1

[Event "GM"]
[Site "Hockenheim/Willingen GER"]
[Date "2006.05.02"]
[Round "2"]
[White "Braun,A"]
[Black "Buhmann,R"]
[Result "0-1"]
[WhiteElo "2496"]
[BlackElo "2552"]
[EventDate "2006.05.01"]

1. d4 d5 2. c4 c6 3. Nf3 Nf6 4. e3 a6 5. Nbd2 Bf5 6. Qb3 Qc7 7. Bd3 Bg6 8.
Ne5 e6 9. Nxg6 hxg6 10. e4 dxc4 11. Nxc4 Nbd7 12. e5 Nd5 13. O-O Be7 14.
Bd2 Rh4 15. f4 b5 16. Ne3 Qb6 17. Nxd5 Qxd4+ 18. Be3 Qxd5 19. Rfc1 g5 20.
Qc2 gxf4 21. Be4 Qc4 22. Bxc6 fxe3 23. Bxa8 Bc5 24. Qxc4 bxc4 25. g3 Rd4
26. Bc6 Rd2 27. Kf1 Rf2+ 28. Kg1 e2 29. Re1 Ke7 30. Bxd7 Kxd7 31. Rac1 a5
32. h4 Kc6 33. g4 Kd5 34. h5 Be3 35. Rc3 Bd4 36. Rcc1 Kxe5 0-1

[Event "GM"]
[Site "Hockenheim/Willingen GER"]
[Date "2006.05.02"]
[Round "2"]
[White "Ikonnikov,Vy"]
[Black "Romanishin,O"]
[Result "1/2-1/2"]
[WhiteElo "2593"]
[BlackElo "2552"]
[EventDate "2006.05.01"]

1. d4 Nf6 2. c4 e6 3. Nc3 Bb4 4. Qc2 c5 5. dxc5 Bxc5 6. Nf3 Nc6 7. Bg5 Qa5
8. Bxf6 gxf6 9. e3 Bb4 10. Nd4 Bxc3+ 11. bxc3 Nxd4 12. exd4 b6 13. Bd3 Bb7
14. O-O Rg8 15. Be4 d5 16. cxd5 f5 17. Bf3 Bxd5 18. Qd3 Rc8 19. Rfc1 Rc4
20. g3 Ke7 21. Bxd5 Qxd5 22. Rc2 Rgc8 23. Re1 Kf8 24. Qd2 Qd8 25. d5 exd5
26. Re5 Qf6 27. Rxd5 f4 28. Rd6 Qe5 29. Rd5 Qf6 30. Rd6 Qe5 31. Rd5 1/2-1/2

[Event "GM"]
[Site "Hockenheim/Willingen GER"]
[Date "2006.05.02"]
[Round "2"]
[White "Doettling,F"]
[Black "Meier,Geo"]
[Result "1/2-1/2"]
[WhiteElo "2550"]
[BlackElo "2407"]
[EventDate "2006.05.01"]

1. d4 e6 2. c4 Nf6 3. Nf3 Bb4+ 4. Nbd2 b6 5. a3 Bxd2+ 6. Bxd2 Bb7 7. Bg5 d6
8. e3 Nbd7 9. Bh4 O-O 10. Be2 Re8 11. O-O Nf8 12. Nd2 Ng6 13. Bg3 e5 14.
Rc1 exd4 15. exd4 Ne4 16. Nxe4 Bxe4 17. Qd2 Qf6 18. Rfe1 c5 19. Rcd1 Nh4
20. f3 Bg6 21. Bf2 Nf5 22. Bf1 Rxe1 23. Qxe1 Nxd4 24. Qc3 Re8 25. Bxd4 cxd4
26. Qxd4 Qxd4+ 27. Rxd4 Rd8 28. Kf2 Kf8 29. Rd2 Ke7 30. Ke3 Bf5 31. Kd4 Be6
32. Bd3 h6 33. Rc2 Rc8 34. b4 Kd7 35. f4 f6 36. Re2 Re8 37. Re1 Bf7 38. Ra1
Rb8 39. Rb1 Kc7 40. Rb3 Re8 41. Rb1 Re7 42. Rc1 Be8 43. Rc2 Bc6 44. g3 a5
45. Re2 Rxe2 46. Bxe2 axb4 47. axb4 Bb7 48. Bd3 Bc6 49. Be4 Be8 50. Bd5 Bh5
51. Be6 Bf3 52. Bf5 Bc6 53. h4 Bb7 54. Be6 Bf3 55. Bd5 Bh5 56. Ke4 Bg6+ 57.
Kf3 Bh5+ 58. g4 Be8 59. b5 g5 60. hxg5 hxg5 61. f5 Bd7 62. Ke4 Bc8 63. Bc6
Kd8 64. Kd4 Kc7 65. Kd5 Bd7 66. Ba8 Bc8 67. Kd4 Bd7 68. Bd5 Bc8 69. Bc6 Kd8
70. Kd5 Kc7 71. Be8 Bd7 72. Bxd7 Kxd7 1/2-1/2

[Event "GM"]
[Site "Hockenheim/Willingen GER"]
[Date "2006.05.02"]
[Round "2"]
[White "Gasthofer,A"]
[Black "Spoelman,W"]
[Result "1-0"]
[WhiteElo "2415"]
[BlackElo "2442"]
[EventDate "2006.05.01"]

1. Nf3 Nf6 2. c4 e6 3. g3 a6 4. Bg2 b5 5. b3 c5 6. Nc3 Qb6 7. e3 Bb7 8. Qe2
Be7 9. cxb5 O-O 10. Bb2 d5 11. bxa6 Bxa6 12. d3 Nc6 13. O-O Rfd8 14. Rfd1
Rac8 15. Rab1 Qb8 16. Ne1 e5 17. Ba1 Nb4 18. e4 dxe4 19. Nxe4 Nfd5 20. Rbc1
f5 21. Nc3 e4 22. Qh5 g6 23. Qh6 Bf8 24. Qd2 Nxd3 25. Nxd3 Bxd3 26. Nxd5
Rxd5 27. Qc3 Rd4 28. Rxd3 exd3 29. Qc4+ Kh8 30. Bxd4+ cxd4 31. Qxd4+ Bg7
32. Rxc8+ Qxc8 33. Qxd3 Qc1+ 34. Bf1 h5 35. Kg2 Qa3 36. Qa6 Qxa6 37. Bxa6
Bc3 38. Kf3 Kg7 39. Ke3 Kf6 40. Kd3 Be1 41. f3 g5 42. Bc8 g4 43. fxg4 hxg4
44. a4 Ba5 45. Kc4 Bb6 46. b4 Bg1 47. a5 Bxh2 48. a6 Bg1 49. Kd5 Kg5 50. b5
f4 51. gxf4+ Kxf4 52. Bxg4 1-0

[Event "GM"]
[Site "Hockenheim/Willingen GER"]
[Date "2006.05.03"]
[Round "3"]
[White "Buhmann,R"]
[Black "Tomashevsky,E"]
[Result "1/2-1/2"]
[WhiteElo "2552"]
[BlackElo "2595"]
[EventDate "2006.05.01"]

1. Nf3 c5 2. c4 Nc6 3. d4 cxd4 4. Nxd4 Nf6 5. Nc3 e6 6. g3 Qb6 7. Ndb5 Ne5
8. Bg2 a6 9. Na3 Qc7 10. O-O d6 11. Bf4 Ng6 12. Be3 Be7 13. Rc1 Rb8 14. b4
b6 15. Qa4+ Nd7 16. Rfd1 O-O 17. Nab5 axb5 18. Nxb5 Qd8 19. Qa7 d5 20. cxd5
exd5 21. Bxd5 Bxb4 22. Rc7 Qf6 23. Bb3 Nge5 24. Bd4 Bc5 25. Bxc5 bxc5 26.
Nd6 c4 27. Nxc4 Nc6 28. Qe3 Nde5 29. Nd6 Be6 30. Bxe6 fxe6 31. Ne4 Qg6 32.
f4 Nb4 33. Ng5 Nd5 34. Rxd5 exd5 35. Qxe5 Kh8 36. Ne6 Rg8 37. f5 Qf6 38.
Qxf6 gxf6 39. Kf2 Ra8 40. Rf7 Rxa2 41. Rxf6 Ra7 42. Kf3 Re8 43. Nf4 d4 44.
Rd6 Ra3+ 45. Kg4 Ra5 46. Ne6 Ra2 47. Kf3 Ra3+ 48. Kf4 Re3 49. Nxd4 Kg8 50.
Kg5 R3e4 51. Rd7 Ra8 52. h3 Rc8 53. g4 Ra8 54. f6 Ra5+ 55. Kh6 Ra3 56. Nf3
Re6 57. Rd8+ Kf7 58. Ng5+ Kxf6 59. Rf8+ Ke7+ 60. Nxe6 Rxh3+ 61. Kg7 Kxe6
62. Re8+ Kd5 63. g5 Rh2 64. e4+ Kd4 65. Re6 Rg2 66. Kf6 Rf2+ 67. Ke7 Rg2
68. Kd6 Rxg5 69. e5 h5 70. Re8 Ke4 71. e6 Rd5+ 72. Ke7 Kf4 73. Rf8+ Kg4 74.
Rd8 Re5 75. Kd6 Re1 76. e7 h4 77. e8=Q Rxe8 78. Rxe8 h3 79. Ke5 h2 80. Rh8
Kg3 81. Rxh2 Kxh2 1/2-1/2

[Event "GM"]
[Site "Hockenheim/Willingen GER"]
[Date "2006.05.03"]
[Round "3"]
[White "Meier,Geo"]
[Black "Braun,A"]
[Result "0-1"]
[WhiteElo "2407"]
[BlackElo "2496"]
[EventDate "2006.05.01"]

1. e4 c5 2. Nf3 e6 3. d4 cxd4 4. Nxd4 Nf6 5. Nc3 Qb6 6. e5 Bc5 7. Be3 Nd5
8. Nxd5 exd5 9. Nf5 Qxb2 10. Nd6+ Bxd6 11. exd6 Nc6 12. Be2 Qc3+ 13. Bd2
Qe5 14. O-O O-O 15. Bf3 Qxd6 16. Be3 d4 17. c3 b6 18. Bxd4 Ba6 19. Re1 Nxd4
20. Qxd4 Qxd4 21. cxd4 Rae8 22. Bd5 Rxe1+ 23. Rxe1 Rc8 24. g4 Kf8 25. Re3
Rc1+ 26. Kg2 Rd1 27. Re4 f6 28. h4 Bd3 29. Rf4 Ke7 30. g5 b5 31. Bg8 a5 32.
gxf6+ gxf6 33. Rg4 h5 34. Rf4 a4 35. Kf3 Re1 36. d5 Kf8 0-1

[Event "GM"]
[Site "Hockenheim/Willingen GER"]
[Date "2006.05.03"]
[Round "3"]
[White "Spoelman,W"]
[Black "Doettling,F"]
[Result "1/2-1/2"]
[WhiteElo "2442"]
[BlackElo "2550"]
[EventDate "2006.05.01"]

1. e4 c6 2. d4 d5 3. Nc3 dxe4 4. Nxe4 Bf5 5. Ng3 Bg6 6. h4 h6 7. Nf3 Nd7 8.
Bd3 Bxd3 9. Qxd3 e6 10. Bf4 Qa5+ 11. Bd2 Qc7 12. O-O-O Ngf6 13. Kb1 O-O-O
14. Ne4 Nc5 15. Nxc5 Bxc5 16. Rhe1 Rhe8 17. c4 Kb8 18. Bc3 Bd6 19. Qe2 Qe7
20. a3 Ka8 21. Qc2 Rc8 22. d5 cxd5 23. cxd5 e5 24. Nd4 Qd7 25. Nf5 Bf8 26.
Ne3 Bd6 27. f3 Bc5 28. Qb3 Rcd8 29. Ka1 Nh5 30. Rd2 f6 31. Nc4 Ng3 32. d6
Nf5 33. Rd5 b6 34. Red1 Qc6 35. d7 Re7 36. Rxc5 Qxc5 37. Bb4 Rexd7 38. Bxc5
Rxd1+ 39. Ka2 bxc5 40. Na5 R1d7 41. Qc2 Nd4 42. Qxc5 Rd5 43. Qc7 R5d7 44.
Qc5 Rd5 45. Qc7 R5d7 46. Qc5 1/2-1/2

[Event "GM"]
[Site "Hockenheim/Willingen GER"]
[Date "2006.05.03"]
[Round "3"]
[White "Meinhardt,Ma"]
[Black "Ikonnikov,Vy"]
[Result "0-1"]
[WhiteElo "2378"]
[BlackElo "2593"]
[EventDate "2006.05.01"]

1. e4 c5 2. Nf3 Nc6 3. Bb5 g6 4. O-O Bg7 5. c3 Nf6 6. e5 Nd5 7. d4 cxd4 8.
cxd4 O-O 9. Nc3 Nxc3 10. bxc3 d6 11. Re1 Qa5 12. Bxc6 bxc6 13. exd6 exd6
14. Bf4 Rd8 15. Bg5 f6 16. Qb3+ Qd5 17. c4 Qf7 18. Bf4 Be6 19. Rac1 Bf8 20.
h3 Rac8 21. Qa4 h6 22. Rc3 g5 23. Bc1 d5 24. Rce3 Re8 25. c5 Qd7 26. Qa6
Rb8 27. Nd2 Bf7 28. Qd3 Rxe3 29. Rxe3 Bg7 30. Qe2 Kf8 31. Rb3 Re8 32. Re3
Qf5 33. Rxe8+ Bxe8 34. Nf1 Qb1 35. Qb2 Bg6 36. Qxb1 Bxb1 37. a3 Ke7 38. f3
f5 39. Bb2 f4 40. Kf2 Kd7 41. Ke2 Kc7 42. Nd2 Bc2 43. Nf1 Ba4 44. Kd2 Bb5
45. Nh2 h5 46. Kc3 Kb7 47. Bc1 Bh6 48. Bd2 Ka6 49. Be1 Bc4 50. g3 Kb5 51.
gxf4 gxf4 52. Bh4 Ka4 53. Kb2 Bg7 54. Kc3 Kxa3 55. Bg5 a5 56. Bxf4 a4 57.
Be5 Bh6 58. f4 Be2 59. f5 Ka2 60. f6 a3 61. f7 Kb1 62. Bf4 Bf8 0-1

[Event "GM"]
[Site "Hockenheim/Willingen GER"]
[Date "2006.05.04"]
[Round "4"]
[White "Buhmann,R"]
[Black "Meier,Geo"]
[Result "1-0"]
[WhiteElo "2552"]
[BlackElo "2407"]
[EventDate "2006.05.01"]

1. Nf3 Nf6 2. c4 e6 3. Nc3 b6 4. e4 Bb7 5. Bd3 c5 6. O-O Nc6 7. e5 Ng4 8.
Be4 f5 9. exf6 Nxf6 10. Bxc6 Bxc6 11. d4 cxd4 12. Nxd4 Bb7 13. Qa4 Kf7 14.
Bf4 Bc5 15. Rad1 Re8 16. Ndb5 Bc6 17. Qc2 Rf8 18. Qe2 Kg8 19. Bd6 Bxd6 20.
Nxd6 Qc7 21. Rd3 Ne8 22. Rfd1 Nxd6 23. Rxd6 Rf7 24. f3 Raf8 25. a4 Kh8 26.
Nb5 Qb8 27. R6d3 Rf4 28. b3 Rh4 29. Nd6 Qd8 30. Qe5 Rh6 31. Rd4 Rg6 32. Rf4
Kg8 33. Ne4 Qe7 34. Kh1 h6 35. h3 Rxf4 36. Qxf4 Qa3 37. Rd3 Bxa4 38. h4 Bc6
39. h5 Qa1+ 40. Kh2 e5 41. Qh4 Re6 42. Qd8+ Kh7 43. Rxd7 Qc1 44. Rf7 Be8
45. Rf8 Bxh5 46. Qd5 Qa3 47. c5 1-0

[Event "GM"]
[Site "Hockenheim/Willingen GER"]
[Date "2006.05.04"]
[Round "4"]
[White "Gasthofer,A"]
[Black "Meinhardt,Ma"]
[Result "0-1"]
[WhiteElo "2415"]
[BlackElo "2378"]
[EventDate "2006.05.01"]

1. e4 c5 2. c3 e6 3. d4 d5 4. exd5 exd5 5. Nf3 Nf6 6. Bb5+ Nc6 7. O-O Be7
8. dxc5 O-O 9. Be3 Ne4 10. Nbd2 Nxc5 11. Nb3 Ne4 12. Nbd4 Qd6 13. Qb3 a6
14. Be2 Bd8 15. Rfd1 Bc7 16. g3 Na5 17. Qc2 Qe7 18. Nh4 Rd8 19. Ndf5 Qf6
20. Bd4 Be5 21. Bxe5 Qxe5 22. Ne3 Be6 23. Bf1 Rac8 24. Bg2 Nc4 25. Nxc4
Rxc4 26. Qe2 Qc7 27. h3 Qb6 28. Kf1 Re8 29. Qc2 Bd7 30. a4 Bxa4 31. Rxa4
Rxa4 32. Nf5 Ra2 33. Rb1 Qf6 34. g4 Qg5 35. Rd1 Qf4 36. Kg1 Ra5 37. Ne3
Nxf2 38. Rxd5 Ra1+ 39. Nf1 Rxf1+ 0-1

[Event "GM"]
[Site "Hockenheim/Willingen GER"]
[Date "2006.05.04"]
[Round "4"]
[White "Doettling,F"]
[Black "Romanishin,O"]
[Result "1/2-1/2"]
[WhiteElo "2550"]
[BlackElo "2552"]
[EventDate "2006.05.01"]

1. d4 Nf6 2. Nf3 d5 3. c4 dxc4 4. e3 Bg4 5. Bxc4 e6 6. Nc3 a6 7. h3 Bh5 8.
g4 Bg6 9. Ne5 Nbd7 10. Nxg6 hxg6 11. Bf1 c6 12. Bg2 Qc7 13. O-O Nd5 14. f4
Be7 15. g5 O-O-O 16. Bd2 N7b6 17. Qe2 f6 18. Ne4 Nd7 19. Rab1 f5 20. Nf2
Qb6 21. Rfc1 Kb8 22. b4 Qb5 23. Qe1 e5 24. dxe5 Nf8 25. Bf1 Qb6 26. a4 Ne6
27. b5 cxb5 28. axb5 a5 29. Bxa5 Qxe3 30. Qxe3 Nxe3 31. Bxd8 Bxd8 32. Nd3
Bb6 33. Kh2 Rd8 34. Rc3 Nd5 35. Rc4 Ne3 36. Rc3 Nd5 37. Rc4 Ne3 38. Rc3
1/2-1/2

[Event "GM"]
[Site "Hockenheim/Willingen GER"]
[Date "2006.05.04"]
[Round "4"]
[White "Braun,A"]
[Black "Spoelman,W"]
[Result "0-1"]
[WhiteElo "2496"]
[BlackElo "2442"]
[EventDate "2006.05.01"]

1. d4 Nf6 2. c4 e6 3. Nc3 Bb4 4. Qc2 O-O 5. a3 Bxc3+ 6. Qxc3 b6 7. Nf3 Bb7
8. e3 c5 9. dxc5 bxc5 10. Bd3 a5 11. b3 d6 12. O-O Nbd7 13. Bb2 Qb6 14. Nd2
Rab8 15. a4 Rfe8 16. Rad1 Ba8 17. f3 e5 18. Bc2 Nf8 19. Ba3 Rbd8 20. Qa1
N6d7 21. Bb2 g6 22. f4 f5 23. Nf3 Ne6 24. Qc1 exf4 25. Kh1 Bxf3 26. Rxf3
Ne5 27. Rff1 fxe3 28. Rd5 Nd4 29. Re1 Ng4 30. h3 Nf6 31. Rxe3 Nxd5 32. cxd5
Qb7 33. Qe1 Rxe3 0-1

[Event "GM"]
[Site "Hockenheim/Willingen GER"]
[Date "2006.05.06"]
[Round "5"]
[White "Meinhardt,Ma"]
[Black "Doettling,F"]
[Result "0-1"]
[WhiteElo "2378"]
[BlackElo "2550"]
[EventDate "2006.05.01"]

1. e4 c6 2. d4 d5 3. exd5 cxd5 4. c4 Nf6 5. Nc3 e6 6. c5 Be7 7. Nf3 O-O 8.
Bd3 b6 9. b4 a5 10. Na4 Nbd7 11. Bf4 axb4 12. c6 Nh5 13. Bg3 Ndf6 14. Be5
Bd6 15. Nxb6 Rb8 16. Nd7 Bxe5 17. Nxf8 Bd6 18. Nd7 Nxd7 19. cxd7 Bxd7 20.
g3 Nf6 21. Ne5 Qb6 22. O-O g6 23. Bc2 Bb5 24. Re1 Kg7 25. Ba4 Ne4 26. Ng4
Bxa4 27. Qxa4 h5 28. Ne3 Qxd4 29. Qd1 Qf6 30. Qe2 Ra8 31. Kg2 b3 0-1

[Event "GM"]
[Site "Hockenheim/Willingen GER"]
[Date "2006.05.06"]
[Round "5"]
[White "Ikonnikov,Vy"]
[Black "Gasthofer,A"]
[Result "0-1"]
[WhiteElo "2593"]
[BlackElo "2415"]
[EventDate "2006.05.01"]

1. d4 d5 2. Nf3 Nf6 3. c4 e6 4. Nc3 Be7 5. Bg5 h6 6. Bh4 O-O 7. e3 Ne4 8.
Bxe7 Qxe7 9. Rc1 Nxc3 10. Rxc3 c6 11. Bd3 dxc4 12. Bxc4 Nd7 13. O-O e5 14.
Bb3 Re8 15. Nxe5 Nxe5 16. dxe5 Qxe5 17. f4 Qf6 18. f5 b6 19. Rf4 Ba6 20.
Qh5 Rad8 21. Ra4 Re5 22. g4 Bb7 23. Rxa7 Re7 24. Qh3 c5 25. Qg3 Qc6 26.
Rxb7 Rxb7 27. Rc1 Rd2 28. Rf1 Re7 29. Rf2 Rxf2 30. Kxf2 Rd7 0-1

[Event "GM"]
[Site "Hockenheim/Willingen GER"]
[Date "2006.05.06"]
[Round "5"]
[White "Romanishin,O"]
[Black "Braun,A"]
[Result "1-0"]
[WhiteElo "2552"]
[BlackElo "2496"]
[EventDate "2006.05.01"]

1. d4 d5 2. c4 e6 3. Nf3 c5 4. cxd5 exd5 5. g3 Nc6 6. Bg2 Nf6 7. O-O Be7 8.
Nc3 O-O 9. Bg5 c4 10. Ne5 Be6 11. Rc1 Rc8 12. Nxc6 bxc6 13. Na4 Qa5 14. b3
Rfd8 15. Bd2 Qa6 16. b4 Bf5 17. a3 Ne4 18. Be1 Rb8 19. f3 Nd6 20. e4 Bg6
21. Nc5 Qc8 22. a4 Re8 23. h4 Nb7 24. Na6 Ra8 25. exd5 cxd5 26. b5 Ba3 27.
Rc2 Bxc2 28. Qxc2 c3 29. f4 Qc4 30. Qxc3 Qxc3 31. Bxc3 Rac8 32. Be1 Red8
33. Rf3 Bb2 34. Rd3 Rc1 35. Kf2 Rc4 36. Kf1 Rxa4 37. Nb4 Re8 38. Bd2 Nd6
39. Bxd5 Ra1+ 40. Kf2 h5 41. Nc6 Nxb5 42. Bb4 Ba3 43. Bxa3 Nxa3 44. Ne5 Rb8
45. Bxf7+ Kh8 46. Bxh5 Nc2 47. d5 Nb4 48. Rd2 Ra5 49. d6 Rd5 50. Rxd5 Nxd5
51. d7 Nf6 52. d8=Q+ Rxd8 53. Nf7+ Kg8 54. Nxd8 Nxh5 55. Nc6 a6 56. Kf3 Kf7
57. g4 Nf6 58. g5 Nd5 59. f5 Nb6 60. Kf4 Kg8 61. Ke5 Nc4+ 62. Ke6 a5 63.
Ne7+ Kh7 64. f6 gxf6 65. gxf6 1-0

[Event "GM"]
[Site "Hockenheim/Willingen GER"]
[Date "2006.05.06"]
[Round "5"]
[White "Spoelman,W"]
[Black "Buhmann,R"]
[Result "1/2-1/2"]
[WhiteElo "2442"]
[BlackElo "2552"]
[EventDate "2006.05.01"]

1. e4 e6 2. d4 d5 3. Nc3 Nf6 4. Bg5 dxe4 5. Nxe4 Nbd7 6. Nf3 Be7 7. Nxf6+
Bxf6 8. Bxf6 Nxf6 9. Bd3 O-O 10. O-O b6 11. Qe2 Bb7 12. Rad1 Qd6 13. Ba6
Bd5 14. Bc4 Rfd8 15. Ne5 Bxc4 16. Nxc4 Qd5 17. c3 h6 18. Ne3 Qd6 1/2-1/2

[Event "GM"]
[Site "Hockenheim/Willingen GER"]
[Date "2006.05.07"]
[Round "6"]
[White "Buhmann,R"]
[Black "Romanishin,O"]
[Result "1-0"]
[WhiteElo "2552"]
[BlackElo "2552"]
[EventDate "2006.05.01"]

1. Nf3 Nf6 2. c4 e6 3. Nc3 Bb4 4. Qc2 c5 5. a3 Ba5 6. e3 Nc6 7. Be2 O-O 8.
O-O h6 9. Rd1 Bc7 10. Rb1 d5 11. cxd5 exd5 12. Nb5 Bb6 13. d4 c4 14. b3
cxb3 15. Qxb3 Bf5 16. Bd3 Na5 17. Qb4 Bxd3 18. Rxd3 Rc8 19. Bd2 Ne4 20.
Nxa7 Nxd2 21. Nxc8 Nxf3+ 22. gxf3 Qg5+ 23. Kf1 Rxc8 24. Qxb6 Qf5 25. Rbd1
Nc4 26. Qxb7 Re8 27. Ke2 Re6 28. Rb1 Rf6 29. Qb8+ Kh7 30. Qf4 Qd7 31. Qg4
Qa4 32. Rbb3 Na5 33. Rbc3 Nc4 34. Qh5 Qd7 35. Rb3 Na5 36. Rb8 Qc7 37. Rb4
Qc2+ 38. Rd2 Qc6 39. a4 Qc3 40. Rbb2 Qc4+ 41. Rd3 Qc1 42. Rbd2 Qc4 43. Rb2
Qc1 44. Rbd2 Qc4 45. f4 Nb3 46. Rd1 g6 47. Qe5 Rf5 48. Qb8 Nc1+ 49. Rxc1
Qxc1 50. Qb3 Qc6 51. Rc3 Qe6 52. Qb8 Rh5 53. Qc8 Qe4 54. Qf8 1-0

[Event "GM"]
[Site "Hockenheim/Willingen GER"]
[Date "2006.05.07"]
[Round "6"]
[White "Braun,A"]
[Black "Meinhardt,Ma"]
[Result "1/2-1/2"]
[WhiteElo "2496"]
[BlackElo "2378"]
[EventDate "2006.05.01"]

1. d4 d5 2. c4 e6 3. Nf3 c5 4. cxd5 exd5 5. g3 Nc6 6. Bg2 Nf6 7. O-O Be7 8.
Nc3 O-O 9. Bg5 c4 10. Ne5 Be6 11. f4 Ng4 12. f5 Ncxe5 13. Bxe7 Qxe7 14.
fxe6 fxe6 15. dxe5 Rxf1+ 16. Qxf1 Qc5+ 17. Kh1 Nf2+ 18. Kg1 Nh3+ 19. Kh1
Nf2+ 1/2-1/2

[Event "GM"]
[Site "Hockenheim/Willingen GER"]
[Date "2006.05.07"]
[Round "6"]
[White "Doettling,F"]
[Black "Ikonnikov,Vy"]
[Result "1/2-1/2"]
[WhiteElo "2550"]
[BlackElo "2593"]
[EventDate "2006.05.01"]

1. d4 d5 2. c4 dxc4 3. Nf3 Nf6 4. e3 Bg4 5. Bxc4 e6 6. Nc3 Nbd7 7. O-O Be7
8. e4 Nb6 9. Be2 O-O 10. Be3 a5 11. Rc1 c6 12. Ne5 Bxe2 13. Qxe2 a4 14.
Rfd1 1/2-1/2

[Event "GM"]
[Site "Hockenheim/Willingen GER"]
[Date "2006.05.07"]
[Round "6"]
[White "Meier,Geo"]
[Black "Spoelman,W"]
[Result "1-0"]
[WhiteElo "2407"]
[BlackElo "2442"]
[EventDate "2006.05.01"]

1. Nf3 Nf6 2. c4 e6 3. g3 b6 4. Bg2 Bb7 5. O-O c5 6. Nc3 Be7 7. d4 cxd4 8.
Qxd4 d6 9. Bg5 a6 10. Bxf6 Bxf6 11. Qf4 O-O 12. Rfd1 Be7 13. Ne4 Bxe4 14.
Qxe4 Ra7 15. Nd4 Rc7 16. b3 Qc8 17. a4 Rd8 18. Qb1 Bf6 19. e3 Rc5 20. Ra2
Nd7 21. Rad2 Be7 22. Rc2 Rc7 23. h3 Nf6 24. Rdc1 Qd7 25. b4 e5 26. Ne2 d5
27. cxd5 Rxc2 28. Qxc2 Nxd5 29. Rd1 Qe6 30. Bxd5 Rxd5 31. Rxd5 Qxd5 32.
Qc8+ Qd8 33. Qxa6 Bxb4 34. Qb5 Bc5 35. Nc3 h6 36. Qc6 Kh8 37. Nd5 f5 38. a5
f4 39. Kg2 fxe3 40. fxe3 Bxe3 41. a6 Qf8 42. Nxe3 Qa3 43. Qxb6 1-0

[Event "GM"]
[Site "Hockenheim/Willingen GER"]
[Date "2006.05.08"]
[Round "7"]
[White "Romanishin,O"]
[Black "Meier,Geo"]
[Result "1-0"]
[WhiteElo "2552"]
[BlackElo "2407"]
[EventDate "2006.05.01"]

1. d4 Nf6 2. Nf3 e6 3. g3 b5 4. Bg2 Bb7 5. Bg5 c5 6. O-O Na6 7. e4 Bxe4 8.
Nc3 Bb7 9. Nxb5 Qb6 10. c4 Be7 11. d5 O-O 12. Ne5 Nb8 13. a4 a5 14. b4 d6
15. bxa5 Rxa5 16. Bd2 Rxb5 17. axb5 dxe5 18. d6 Bd8 19. Ba5 Qxa5 20. Rxa5
Bxg2 21. Kxg2 Bxa5 22. Qa1 Bd8 23. Qxe5 Nfd7 24. Qe4 Bf6 25. Qb7 g6 26. Rc1
Bd4 27. Rc2 Ne5 28. h3 g5 29. Kf1 Re8 30. Qc7 Kf8 31. Ra2 Ned7 32. Ra8 e5
33. Rxb8 Nxb8 34. d7 Nxd7 35. Qxd7 Ra8 36. b6 Ra1+ 37. Ke2 e4 38. b7 Ra2+
39. Kd1 1-0

[Event "GM"]
[Site "Hockenheim/Willingen GER"]
[Date "2006.05.08"]
[Round "7"]
[White "Meinhardt,Ma"]
[Black "Buhmann,R"]
[Result "0-1"]
[WhiteElo "2378"]
[BlackElo "2552"]
[EventDate "2006.05.01"]

1. e4 e6 2. d4 d5 3. e5 c5 4. c3 Nc6 5. Nf3 Qb6 6. a3 Nh6 7. b4 cxd4 8.
cxd4 Nf5 9. Be3 g6 10. Bd3 Nxe3 11. fxe3 Bh6 12. Qe2 O-O 13. O-O Bd7 14.
Nc3 Ne7 15. Nd1 f5 16. exf6 Rxf6 17. Nf2 Rff8 18. Ng4 Bg7 19. Rf2 Qd6 20.
Raf1 a5 21. b5 a4 22. Nfe5 Nf5 23. e4 Nxd4 24. Rxf8+ Rxf8 25. Rxf8+ Qxf8
26. Qe3 Bxb5 27. Bxb5 Nxb5 28. Qb6 Nd6 29. exd5 exd5 30. Qc5 Nf7 31. Qxd5
Qe7 32. h3 Bxe5 33. Nh6+ Kg7 34. Nxf7 Bf6 0-1